<?xml version="1.0" encoding="UTF-8"?>
<record
    xmlns:xsi="http://www.w3.org/2001/XMLSchema-instance"
    xsi:schemaLocation="http://www.loc.gov/MARC21/slim http://www.loc.gov/standards/marcxml/schema/MARC21slim.xsd"
    xmlns="http://www.loc.gov/MARC21/slim">

  <leader>00807nam a2200217Ia 4500</leader>
  <controlfield tag="003">IN-BaIIA</controlfield>
  <controlfield tag="008">211028s9999    xx            000 0 eng d</controlfield>
  <datafield tag="020" ind1=" " ind2=" ">
    <subfield code="a">3-540-00483-1</subfield>
  </datafield>
  <datafield tag="040" ind1=" " ind2=" ">
    <subfield code="c">IIA Library</subfield>
  </datafield>
  <datafield tag="080" ind1=" " ind2=" ">
    <subfield code="a">524.352(082.2)</subfield>
    <subfield code="b">ESO</subfield>
  </datafield>
  <datafield tag="245" ind1=" " ind2="0">
    <subfield code="a">From twilight to highlight-the physics of supernovae</subfield>
    <subfield code="b">proceedings of the ESO/MPA/MPE workshop held in Garching, Germany, 29-31 Jul 2002</subfield>
    <subfield code="c">edited by W. Hillebrandt and B. Leibundgut                                             </subfield>
  </datafield>
  <datafield tag="260" ind1=" " ind2=" ">
    <subfield code="a">Berlin</subfield>
    <subfield code="b">Springer-Verlag</subfield>
    <subfield code="c">2003</subfield>
  </datafield>
  <datafield tag="300" ind1=" " ind2=" ">
    <subfield code="a">xvii, 414p.</subfield>
  </datafield>
  <datafield tag="490" ind1=" " ind2=" ">
    <subfield code="a">ESO astrophysics symposia</subfield>
  </datafield>
  <datafield tag="650" ind1=" " ind2=" ">
    <subfield code="a">Supernova</subfield>
    <subfield code="9">15816</subfield>
  </datafield>
  <datafield tag="650" ind1=" " ind2=" ">
    <subfield code="a">Supernova explosion</subfield>
    <subfield code="9">28720</subfield>
  </datafield>
  <datafield tag="650" ind1=" " ind2=" ">
    <subfield code="a">Supernova spectra</subfield>
    <subfield code="9">28721</subfield>
  </datafield>
  <datafield tag="650" ind1=" " ind2=" ">
    <subfield code="a">Thermonuclear supernovae</subfield>
    <subfield code="9">28722</subfield>
  </datafield>
  <datafield tag="700" ind1=" " ind2=" ">
    <subfield code="a">Leibundgut, B., ed.</subfield>
    <subfield code="9">28723</subfield>
  </datafield>
  <datafield tag="942" ind1=" " ind2=" ">
    <subfield code="c">BK</subfield>
  </datafield>
  <datafield tag="999" ind1=" " ind2=" ">
    <subfield code="c">15574</subfield>
    <subfield code="d">15574</subfield>
  </datafield>
  <datafield tag="952" ind1=" " ind2=" ">
    <subfield code="0">0</subfield>
    <subfield code="1">0</subfield>
    <subfield code="4">0</subfield>
    <subfield code="7">0</subfield>
    <subfield code="a">BAN</subfield>
    <subfield code="b">BAN</subfield>
    <subfield code="c">GEN</subfield>
    <subfield code="d">2004-01-03</subfield>
    <subfield code="e">EDS   </subfield>
    <subfield code="g">2255.18</subfield>
    <subfield code="l">0</subfield>
    <subfield code="o">524.352(082.2)/ ESO</subfield>
    <subfield code="p">16496</subfield>
    <subfield code="r">2021-11-05</subfield>
    <subfield code="v">2255.18</subfield>
    <subfield code="w">2004-01-03</subfield>
    <subfield code="y">BK</subfield>
    <subfield code="G">Rs. 2255.18  </subfield>
  </datafield>
</record>
